000
00290 a2200145 4500
001
74047
020
_a
040
_c
Anchieta - Colégio São Paulo
240
1
0
_a
Geografia
_l
por
245
1
0
_a
Geografia
300
_a
65
362
0
_a
2001
650
4
_a
Geografia e viagens
942
_c
BK
999
_c
74047
_d
74047